[Event "ACL-A612"]
[Site "www.playchess.de"]
[Date "2006.01.30"]
[Round "6"]
[White "docjan"]
[Black "BDG_Girl"]
[WhiteElo "1500"]
[BlackElo "1772"]
[PlyCount "45"]
[Result "1-0"]

1.e4 {Hello chessfriend - I enrolled 
today
at Playchess - I am 55
Good Luck Jan}  d5 {Hello again and good luck!}  
2.exd5 Qxd5 3.d4 Nc6 4.Nf3 Bf5 5.Nc3 Qe6+ 6.Be3 
O-O-O 7.Qd2 Nb4 8.Rc1 Bg6 9.a3 Nd5 10.Nxd5 Qxd5 
11.c4 Qe4 12.Be2 e6 13.Qa5 a6 14.Ne5 Qh4 15.c5 Rd5 
16.Bxa6 bxa6 17.Qxa6+ Kd8 18.Qa8+ Ke7 19.Nc6+ Kf6 
20.Qxf8 Bh5 21.O-O Kg6 22.Ne5+ Rxe5 
23.dxe5 1-0

[Event "HCL-C4081"]
[Site "www.playchess.de"]
[Date "2006.01.30"]
[Round "5"]
[White "maulwurf"]
[Black "dg"]
[WhiteElo "1240"]
[BlackElo "1216"]
[PlyCount "39"]
[Result "1-0"]

1.Nc3 e5 2.e4 Nf6 3.Nf3 d6 4.Bc4 Bg4 5.O-O g6 6.d4 
exd4 7.Qxd4 Bxf3 8.Bg5 Bg7 9.e5 Bxg2 10.Kxg2 dxe5 
11.Qxe5+ Qe7 12.Rfe1 Qxe5 13.Rxe5+ Kd7 14.Rd1+ Kc8 
15.Bxf7 Nc6 16.Re2 h6 17.Bxf6 Bxf6 18.Be8 Ne5 
19.Nd5 Bg7 20.Ne7+ {nice game!} 
 1-0

[Event "HCL-B3830"]
[Site "www.playchess.de"]
[Date "2006.01.30"]
[Round "7"]
[White "Bense"]
[Black "Bob-O"]
[WhiteElo "1108"]
[BlackElo "1216"]
[PlyCount "34"]
[Result "0-1"]

1.e4 e5 {Hello, and good luck to you...}  2.d3 
{Hi,}  Nf6 3.Nf3 Nc6 4.Nc3 Bb4 5.Bd2 Bc5 6.h3 O-O 
7.g4 g6 8.Bg5 Bb4 9.Nd2 Bxc3 10.bxc3 Re8 11.Nf3 
Re6 12.d4 exd4 13.Bxf6 Qxf6 14.e5 Nxe5 15.Kd2 
Nxf3+ 16.Kd3 dxc3 17.Bg2 Qd4+ {Good Game - Thanx} 
 0-1

[Event "HCL-B3823"]
[Site "www.playchess.de"]
[Date "2006.01.30"]
[Round "17"]
[White "bob19"]
[Black "Bense"]
[WhiteElo "1399"]
[BlackElo "1044"]
[PlyCount "107"]
[Result "1-0"]

1.d4 d6 2.Nf3 e6 3.c4 Ne7 4.Nc3 d5 5.e3 a6 6.Be2 
c6 7.O-O Nd7 8.c5 Nf6 9.b4 a5 10.b5 b6 11.a4 bxc5 
12.dxc5 Nd7 13.Ba3 Nf5 14.bxc6 Nxc5 15.Bb5 Qc7 
16.Nd4 Nxd4 17.Qxd4 Nb3 18.Qg4 Nxa1 19.Bxf8 Rxf8 
20.Rxa1 Ba6 21.Rc1 g6 22.Qg3 Qxg3 23.hxg3 Ke7 
24.Bxa6 Rxa6 25.Nb5 Rc8 26.c7 Kd7 27.f4 f5 28.Kf2 
h5 29.Ke2 Rc6 30.Rxc6 Kxc6 31.Kd3 Kc5 32.Kc3 Kc6 
33.Kd4 Rxc7 34.Nxc7 Kxc7 35.Kc5 Kd7 36.Kb5 Kd6 
37.Kxa5 e5 38.Kb6 d4 39.fxe5+ Kxe5 40.exd4+ Kxd4 
41.a5 g5 42.a6 f4 43.a7 f3 44.gxf3 h4 45.gxh4 gxh4 
46.a8Q h3 47.Qh8+ Ke3 48.Qxh3 Kf4 49.Qg4+ Ke5 
50.Kc5 Kf6 51.Kd6 Kf7 52.Qg5 Kf8 53.Ke6 Ke8 
54.Qe7+ 1-0

[Event "HCL-E1509"]
[Site "www.playchess.de"]
[Date "2006.01.30"]
[Round "5"]
[White "PLAYCHESS1963"]
[Black "Eishockeytorwart"]
[WhiteElo "1759"]
[BlackElo "1944"]
[PlyCount "103"]
[Result "1-0"]

1.e4 e5 2.Nf3 Nc6 3.Bc4 Bc5 4.c3 Nf6 5.d4 exd4 
6.cxd4 Bb4+ 7.Nc3 Nxe4 8.O-O Bxc3 9.d5 Ne5 10.bxc3 
Nxc4 11.Qd4 Ncd6 12.Qxg7 Qf6 13.Qxf6 Nxf6 14.Re1+ 
Kf8 {merry Christmas}  15.Bh6+ {to You too}  Kg8 
16.Re5 Nfe4 17.Re1 f6 18.Re7 Nf5 19.Re8+ Kf7 
20.Rxh8 Nxc3 21.Bd2 Nxd5 22.g4 Ng7 23.Rxh7 Kg8 
24.Rh6 d6 25.g5 fxg5 26.Nxg5 Bf5 27.f3 Rf8 28.Kf2 
Rf6 29.Rxf6 Nxf6 30.Kg3 Nd5 31.Rg1 Kf8 32.Kh4 Ne6 
33.Nxe6+ Bxe6 34.Kg5 Nb6 35.h4 Bxa2 36.h5 a6 37.h6 
Nd7 38.f4 Bg8 39.Rh1 Bh7 40.Bc3 Nc5 41.Bg7+ Kf7 
42.f5 Ne4+ 43.Kf4 Nf2 44.Rf1 Nd3+ 45.Kg5 b5 46.Ra1 
Nc5 47.Bd4 Nb3 48.Rd1 Nxd4 49.Rxd4 Ke7 50.Re4+ Kf7 
51.Re1 a5 52.f6 1-0

[Event "HCL-M856"]
[Site "www.playchess.de"]
[Date "2006.01.30"]
[Round "7"]
[White "Maccdavid"]
[Black "c4estlavie"]
[WhiteElo "1662"]
[BlackElo "1876"]
[PlyCount "38"]
[Result "0-1"]

1.e4 {Hello and good luck}  e5 2.Nf3 d6 3.d4 exd4 
4.Nxd4 Nf6 5.Nc3 Be7 6.Bf4 O-O 7.Qd2 Bd7 8.Be2 Nc6 
9.O-O-O Nxd4 10.Qxd4 Re8 11.f3 a6 12.g4 Be6 13.h4 
b5 14.g5 {Sorry about the delay. Many problems!!}  
Nd7 15.h5 Bxg5 16.Bxg5 Qxg5+ 17.Kb1 Qe5 18.Qe3 b4 
19.Nd5 Bxd5 0-1

[Event "HCL-M862"]
[Site "www.playchess.de"]
[Date "2006.01.30"]
[Round "9"]
[White "BDG_Girl"]
[Black "Tapiwa"]
[WhiteElo "2074"]
[BlackElo "1938"]
[PlyCount "32"]
[Result "0-1"]

1.d4 {Hello again and good luck!}  Nf6 
{hi.bestwishes to you too.}  2.Nc3 d5 3.e4 Nxe4 
4.Nxe4 dxe4 5.Bc4 e6 6.Nh3 Be7 7.O-O O-O 8.Re1 Nc6 
9.Rxe4 Bf6 10.c3 e5 11.d5 Bxh3 12.gxh3 Qd6 13.Be3 
Rfd8 14.b4 Ne7 15.Bc5 Qd7 16.Bxe7 
Qxe7 0-1

[Event "HCL-C4120"]
[Site "www.playchess.de"]
[Date "2006.01.30"]
[Round "20"]
[White "Skipper_Robert"]
[Black "nichju"]
[WhiteElo "991"]
[BlackElo "1072"]
[PlyCount "50"]
[Result "0-1"]

1.e4 e6 2.Nc3 d5 3.exd5 exd5 4.d4 Nf6 5.Bd3 c6 
6.Nf3 Bb4 7.Bd2 Bg4 8.Qe2+ Be7 9.h3 Bh5 10.O-O O-O 
11.Rae1 Bd6 12.Ng5 Bxe2 13.Rxe2 g6 14.Nd1 Nbd7 
15.Ne3 Bf4 16.Ng4 Bxd2 17.Rxd2 Nxg4 18.hxg4 Qxg5 
19.Re2 Qxg4 20.f3 Qxd4+ 21.Rff2 Qxb2 22.c4 Qc3 
23.Bb1 Qxc4 24.Re7 Qc1+ 25.Rf1 
Qc5+ 0-1

[Event "HCL-B3641"]
[Site "www.playchess.de"]
[Date "2006.01.30"]
[Round "28"]
[White "schachsky"]
[Black "ulibear"]
[WhiteElo "1173"]
[BlackElo "1267"]
[PlyCount "78"]
[Result "1/2-1/2"]

1.d4 {Da sind wir wieder; schöne Partie 
zugewünscht!}  d5 {danke .. gleichfalls :-)}  
2.Nc3 c6 3.Nf3 g6 4.e4 dxe4 5.Nxe4 Bg7 6.c3 Nf6 
7.Bd3 Nxe4 8.Bxe4 O-O 9.O-O Be6 10.Be3 f5 11.Bc2 
Bf7 12.Qd2 e5 13.dxe5 Qxd2 14.Nxd2 Nd7 15.f4 Be6 
16.b4 Nxe5 17.fxe5 Bxe5 18.Bh6 Rfe8 19.Rf3 Bd5 
20.Rff1 Bxc3 21.Rad1 Re2 22.Rf2 {Alles bestes für 
das neues Jahr!}  Bd4 {ganz ebenso und viele 
schöne Matches! :-)}  23.Rdf1 {ja mit dieser Züge 
wird das wohl gelingen -:)}  Bxf2+ {vielleicht, 
aber das Spiel ist noch nicht entschieden! Frohes 
Neues Jahr 2006! :-)}  24.Rxf2 {Ich denke das es 
normalerweise doch ziemlich deutlich ist wo es 
hingeht -:)}  Rxf2 {ich sehe erst jetzt, daß ich 
zwar die Qualität habe, aber eine Figur weniger 
bei aber 3 Mehrbauern, was ausgleichen sollte :-)} 
 25.Kxf2 {nicht nur ausgleichen ....-:), so sehe 
Ich das auf jedemfall! Aber gelaufen ist es noch 
nicht -:)}  Bxa2 {vielleicht hast Du Recht, wird 
sich bald zeigen, denke ich :-)}  26.h3 {das 
fürchte Ich auch -:)}  Bd5 27.Nb3 Kf7 28.g4 fxg4 
29.hxg4 Re8 30.Nd4 Be4 31.Bb3+ Bd5 32.Bc2 b6 
33.Bg5 c5 34.bxc5 bxc5 35.Nb5 Rb8 36.Ba4 a6 
37.Nd6+ Ke6 38.Ne8 Rb2+ 39.Ke3 Kf7 {(offering 
draw) good defensive work! :-)} 
 1/2-1/2

[Event "HCL-E1484"]
[Site "www.playchess.de"]
[Date "2006.01.30"]
[Round "10"]
[White "steady_eddie"]
[Black "Karpow"]
[WhiteElo "1731"]
[BlackElo "1606"]
[PlyCount "99"]
[Result "1/2-1/2"]

1.d4 d5 2.Nf3 Nf6 3.c4 dxc4 4.e3 e6 5.Bxc4 Be7 
6.O-O O-O 7.Nc3 a6 8.a4 Nbd7 9.Qe2 b6 10.e4 Bb7 
11.Bf4 Nh5 12.Be3 Nhf6 13.Nd2 Bb4 14.f3 c6 15.Bg5 
h6 16.Bh4 Qc7 17.Bg3 Qd8 18.Rfd1 a5 19.Rac1 Nb8 
20.Nf1 Nh5 21.Bf2 Qe7 22.Be3 Nf6 23.e5 Nd5 24.Bxd5 
exd5 25.f4 f5 26.Bf2 Qe6 27.Qh5 Bc8 28.Rd3 Bd7 
29.Rg3 Be8 30.Qe2 Be7 31.Kh1 Ra7 32.Rd3 Bd7 33.Qe1 
Bc8 34.Rd2 Ba6 35.Ne3 Bc8 36.Bh4 Bxh4 37.Qxh4 Qe7 
38.Qf2 Be6 39.Rg1 g5 40.fxg5 hxg5 41.Nc2 Rf7 42.g3 
Rh7 43.Rg2 Rh3 44.Kg1 Qf8 45.Ne2 Rah7 46.Kf1 Rg7 
47.Ng1 Rh6 48.Ke1 Bc8 49.Nf3 Qe7 50.Kd1 {(offering 
draw)}  1/2-1/2

[Event "HCL-T254"]
[Site "www.playchess.de"]
[Date "2006.01.30"]
[Round "1"]
[White "stevetilbury"]
[Black "gambitfan"]
[WhiteElo "1523"]
[BlackElo "1338"]
[PlyCount "63"]
[Result "1-0"]

1.d4 Nf6 2.c4 e6 3.Nc3 Bb4 4.Qb3 c5 5.dxc5 Nc6 
6.a3 Nd4 7.Qa4 Bxc3+ 8.bxc3 Nc6 9.Bf4 Ne4 10.Qc2 
{Thanks for the game in the French. I had my spare 
e-mail address set up on this site and didn't see 
your message intil last night.}  Nxc5 11.Nf3 d5 
12.e3 O-O 13.Be2 b6 14.O-O Ba6 15.cxd5 Bxe2 
16.Qxe2 Qxd5 17.Rfd1 Qb3 18.Nd4 Nxd4 19.cxd4 Ne4 
20.Rd3 Qd5 21.f3 Nf6 22.e4 Qd7 23.Qb2 Rac8 24.Rad1 
Nh5 25.Be3 Rc6 26.d5 exd5 27.R3xd5 Qc8 28.Rxh5 Rc2 
29.Qd4 Qc4 30.Qxc4 Rxc4 31.Rhd5 Rc7 
32.R5d7 1-0

[Event "HCL-A2482"]
[Site "www.playchess.de"]
[Date "2006.01.30"]
[Round "35"]
[White "Genesio"]
[Black "taroak"]
[WhiteElo "1130"]
[BlackElo "1418"]
[PlyCount "62"]
[Result "0-1"]

1.e4 {Welcome!}  g6 {Graci, Good Luck}  2.d4 Bg7 
3.c3 c5 4.Nf3 cxd4 5.cxd4 d5 6.Bb5+ Nc6 7.Nc3 Bg4 
8.O-O Nf6 9.Bg5 O-O 10.Bxf6 exf6 11.Nxd5 Bxf3 
12.Qxf3 Nxd4 13.Qd3 f5 14.exf5 Qxd5 15.fxg6 Qxb5 
16.gxh7+ Kh8 17.Qh3 Ne2+ 18.Kh1 Rad8 19.a4 Qg5 
20.Rad1 Nf4 21.Rxd8 Rxd8 22.Qg3 Qxg3 23.hxg3 Ne6 
24.Re1 Rd2 25.Rc1 Rxf2 26.Rc8+ Kxh7 27.b4 Ra2 
28.a5 Ra4 29.Rc4 Bf8 30.Rh4+ Kg6 31.Kg1 
Rxb4 0-1

[Event "HCL-E1489"]
[Site "www.playchess.de"]
[Date "2006.01.30"]
[Round "18"]
[White "gambitplayer"]
[Black "carlosmadeira"]
[WhiteElo "1563"]
[BlackElo "1558"]
[PlyCount "69"]
[Result "1-0"]

1.d4 d5 2.Nf3 Nc6 3.Bf4 Nf6 4.e3 a6 5.c3 Bf5 6.Bd3 
Ne4 7.O-O Bg4 8.Nbd2 Nxd2 9.Qxd2 Bxf3 10.gxf3 e6 
11.c4 Bb4 12.Qc2 Qf6 13.a3 Bd6 14.Bxd6 cxd6 15.f4 
dxc4 16.Bxc4 O-O 17.Bd3 Kh8 18.Kh1 Rac8 19.Qe2 e5 
20.fxe5 dxe5 21.d5 Ne7 22.e4 g5 23.Qg4 Ng6 24.Qf5 
Qxf5 25.exf5 Nf4 26.Be4 Rfd8 27.Rfd1 Rc4 28.f3 g4 
29.Rac1 Rxc1 30.Rxc1 gxf3 31.Bxf3 Rd7 32.Rd1 Kg7 
33.d6 Kf6 34.Bxb7 Kxf5 35.Bc8 1-0

[Event "HCL-C4132"]
[Site "www.playchess.de"]
[Date "2006.01.30"]
[Round "1"]
[White "Tribun"]
[Black "Skipper_Robert"]
[WhiteElo "800"]
[BlackElo "991"]
[PlyCount "95"]
[Result "1-0"]

1.Nf3 d5 2.d4 Nf6 3.Ne5 Nc6 4.Bf4 e6 5.e3 Bd6 
6.Bg5 Be7 7.Bd3 h6 8.Bf4 Nb4 9.Bb5+ c6 10.Bd3 c5 
11.dxc5 Bxc5 12.O-O {Ich bin müd und geh zur 
Ruh.Gute Nacht}  g5 {gute Nacht}  13.Bg3 Qb6 14.c3 
Nxd3 15.Qxd3 O-O 16.Ng6 Bd7 17.Ne5 Qxb2 18.Nd2 Bb5 
19.Qb1 Qxd2 20.Qxb5 b6 21.Nf3 Qxc3 22.Qe2 Ne4 
23.Qe1 Qd3 24.h4 Nxg3 25.fxg3 Bxe3+ 26.Qxe3 Qxe3+ 
27.Kh2 gxh4 28.g4 f5 29.g5 hxg5 30.Rae1 Qf4+ 
31.Kg1 h3 32.Rxe6 hxg2 33.Rg6+ {is das 
hohl!!!!!!!}  Kf7 34.Nxg5+ Qxg5 35.Rxg5 Ke6 
36.Re1+ Kd6 37.Rg6+ Kd7 38.Rd1 f4 39.Rxd5+ Kc8 
40.Kxg2 f3+ 41.Kf2 Kb7 42.Rd7+ Ka6 43.Rg4 Rac8 
44.Rd2 b5 45.a4 Ka5 46.axb5 Kxb5 47.Rb2+ Ka6 
48.Ra4+ 1-0

[Event "HCL-M862"]
[Site "www.playchess.de"]
[Date "2006.01.30"]
[Round "3"]
[White "TigerLilly"]
[Black "Tapiwa"]
[WhiteElo "2090"]
[BlackElo "1938"]
[PlyCount "73"]
[Result "1-0"]

1.e4 {Hi.  We meet yet again.  Good luck!}  e5 
2.Nf3 Nc6 {hi. best wishes to you.}  3.Bb5 a6 
4.Ba4 b5 5.Bb3 Nf6 6.O-O Be7 7.Re1 O-O 8.h3 d6 
9.c3 Na5 10.Bc2 c5 11.d4 Qc7 12.Nbd2 cxd4 13.cxd4 
Bb7 14.d5 Rac8 15.Bb1 Nd7 16.Nf1 {Merry Xmas!}  
Bf6 {Merry Xmas to you too!}  17.Ne3 Rfe8 18.b3 
Be7 19.Bd2 Qb6 20.Rf1 Ba8 21.Bd3 Nc5 22.Bc2 Ncb7 
23.Nf5 {Happy new year and all the best for 2006!} 
 Bf6 {(offering draw) Same to you!}  24.Ng5 h6 
25.Nf3 Qd8 {(offering draw)}  26.a4 bxa4 
{(offering draw)}  27.Rxa4 Qc7 {(offering draw)}  
28.Bd3 Qb6 {(offering draw)}  29.Ra3 Rc7 30.Ne3 
Rec8 31.b4 Qa7 32.Qe2 g6 33.Bxa6 Nc4 34.Nxc4 R7xc4 
{(offering draw)}  35.Rfa1 R4c2 {(offering draw)}  
36.Bd3 Rxd2 37.R3xa7 1-0

[Event "HCL-C4120"]
[Site "www.playchess.de"]
[Date "2006.01.30"]
[Round "21"]
[White "Tribun"]
[Black "Skipper_Robert"]
[WhiteElo "800"]
[BlackElo "991"]
[PlyCount "120"]
[Result "0-1"]

1.e4 e5 2.d4 d5 3.Bd3 exd4 4.e5 Nc6 5.f4 Bb4+ 6.c3 
dxc3 7.bxc3 Bc5 8.Nf3 h6 9.Nbd2 Nge7 10.Nb3 Bb6 
11.Qe2 Bf5 12.Be3 O-O {moin}  13.O-O {moin moin}  
Qd7 14.Rac1 a6 15.Nbd2 Bg4 16.h3 Bxf3 17.Qxf3 Na5 
18.Bxb6 cxb6 19.Qg4 f5 20.Qh4 d4 21.Nc4 Nxc4 
22.Bxc4+ Kh8 23.Rcd1 Ng6 24.Qg3 Qe8 25.Rxd4 Kh7 
26.h4 Qa4 27.h5 Ne7 28.Bd3 Qxa2 29.Rd6 Rad8 
30.Rxh6+ gxh6 {Schade, du hast ein Matt gegen 
nichju übersehen!}  31.Bb1 Qb3 32.Qh4 Rfe8 33.Qf6 
Qxc3 34.Qf7+ {Hurra!!!!!!!!!!!!!!ich bin da}  Kh8 
35.Qf6+ Kh7 36.Qf7+ Kh8 37.Qf6+ {sorry}  Kh7 
38.Qf7+ Kh8 39.Qf6+ Kh7 40.Qf7+ Kh8 41.Qf6+ Kg8 
42.Qe6+ Kg7 43.Qf6+ Kh7 44.Bxf5+ Nxf5 45.Qxf5+ Kg8 
46.Qg6+ Kf8 47.Qf6+ Kg8 48.f5 Qe3+ 49.Rf2 Rd1+ 
50.Kh2 Qxf2 51.Qg6+ {hab doch}  Kf8 52.Qxh6+ 
{.....Erbarmen}  Ke7 53.Qe6+ Kd8 54.Qf6+ {nu bleib 
doch}  Kc8 55.h6 Qg1+ 56.Kg3 Rd3+ 57.Kg4 Qxg2+ 
58.Kh5 Qh3+ 59.Kg6 Qg3+ 60.Kf7 
Qg8+ 0-1

[Event "HCL-C4120"]
[Site "www.playchess.de"]
[Date "2006.01.30"]
[Round "15"]
[White "nichju"]
[Black "Tribun"]
[WhiteElo "1072"]
[BlackElo "800"]
[PlyCount "127"]
[Result "1-0"]

1.e4 {Hallo und viel Glück}  e5 {Hallo,kann ich 
gebrauchen Danke}  2.Nf3 d6 3.d4 Nc6 4.d5 Nd4 
5.Nxd4 exd4 6.Bc4 c5 7.Bf4 Nf6 8.Nd2 Bg4 9.f3 Bd7 
10.O-O Nh5 11.g3 Nxf4 12.gxf4 g5 13.f5 f6 14.f4 h5 
15.fxg5 fxg5 16.Qf3 Qf6 17.Rab1 g4 18.Qb3 Rb8 
19.Bb5 Bh6 20.Bxd7+ Kxd7 21.Qb5+ Kc8 22.Nc4 Rg8 
23.b4 g3 24.h3 g2 25.Rf2 Qh4 26.Nxd6+ Kc7 27.Qxc5+ 
Kd7 28.Nf7 Be3 29.Ne5+ Ke8 30.Qb5+ Ke7 31.Qc5+ Kf6 
32.Qd6+ Kg7 33.f6+ Qxf6 34.Qxf6+ Kh7 35.Qf7+ Rg7 
36.Qf5+ Kh8 37.Qxh5+ Kg8 38.Ng6 Rh7 39.Ne7+ Rxe7 
40.Qg6+ Kh8 41.Qf6+ Rg7 42.Qe5 Rf8 43.Qh5+ Rh7 
44.Qe5+ Rg7 45.d6 Rxf2 46.d7 Rf5+ 47.Kh2 Rxe5 
48.d8Q+ Rg8 49.Qf6+ Rg7 50.Qxe5 g1Q+ {ick kann`ne 
mehr!!!!!}  51.Rxg1 {warum denn nicht? ist doch 
gerade so schön spannend}  Bxg1+ {puhh!!}  52.Kh1 
Kg8 53.h4 a5 54.bxa5 Be3 55.h5 Rg1+ 56.Kh2 Rf1 
57.Qe6+ Kf8 58.h6 Rf2+ 59.Kg3 Rf1 60.h7 Kg7 
61.Qg8+ Kf6 62.h8Q+ Ke7 63.Qhh7+ Kd6 64.Qd5+ 
{Danke für das schöne Spiel}  1-0

[Event "HCL-E1502"]
[Site "www.playchess.de"]
[Date "2006.01.30"]
[Round "28"]
[White "Abra"]
[Black "PLAYCHESS1963"]
[WhiteElo "1544"]
[BlackElo "1728"]
[PlyCount "110"]
[Result "0-1"]

1.e4 {Hello, wish you a nice game from the 
Netherlands.
}  c5 2.Nf3 d6 {HI}  3.Bb5+ Bd7 4.Bxd7+ Qxd7 5.O-O 
Nc6 6.d3 Nf6 7.h3 e6 8.c4 Be7 9.Nc3 h6 10.a3 a6 
11.Na4 Qc7 12.Bd2 b5 13.cxb5 axb5 14.Nc3 Rb8 
15.Re1 O-O 16.Qc1 Kh7 17.Bf4 Rfd8 18.Qc2 b4 
19.axb4 Nxb4 20.Qe2 Qb7 21.Reb1 Rba8 22.Ra3 d5 
23.Ne5 Kg8 24.Rb3 d4 25.Nd1 Nd7 26.Qg4 Nf6 27.Qf3 
Qa6 28.Nc4 Qa2 29.Ra3 Qxb1 30.Rxa8 Rxa8 31.Na3 
Qxd3 32.Qxd3 Nxd3 33.Bc7 Nxb2 34.Nxb2 Rxa3 35.Nc4 
Ra2 36.f3 Ne8 37.Bb6 Nd6 38.Ne5 Bf6 39.Nd7 Nc4 
40.Nxf6+ gxf6 41.Bxc5 d3 42.Kf1 d2 43.Ke2 Nb2 
44.Kxd2 Na4+ 45.Ke3 Nxc5 46.g3 e5 47.h4 Ra3+ 
48.Ke2 Kf8 49.g4 Ke7 50.Kf2 Ne6 51.Kg3 Kd6 52.h5 
Ng5 53.Kh4 Nxf3+ 54.Kg3 Ng5+ 55.Kh4 
Rh3+ 0-1

[Event "HCL-B3779"]
[Site "www.playchess.de"]
[Date "2006.01.31"]
[Round "2"]
[White "eisbaer17"]
[Black "vulcan"]
[WhiteElo "1200"]
[BlackElo "1161"]
[PlyCount "57"]
[Result "1-0"]

1.d4 e6 2.c4 Bb4+ 3.Bd2 Bxd2+ 4.Nxd2 b6 5.e3 Bb7 
6.Ngf3 Nh6 7.Ne5 d6 8.Ng4 Nxg4 9.Qxg4 O-O 10.Bd3 
Nd7 11.Qh3 Nf6 12.O-O c5 13.f3 h6 14.Ne4 Nxe4 
15.fxe4 d5 16.exd5 exd5 17.Rae1 dxc4 18.Bxc4 cxd4 
19.Red1 Bc8 20.Qh5 Qg5 21.Bxf7+ Rxf7 22.Qxf7+ Kh8 
23.Qe8+ Kh7 24.Rf8 Qxe3+ 25.Qxe3 dxe3 26.Re1 Bb7 
27.Rxa8 Bxa8 28.Rxe3 Kg6 29.Re7 1-0

[Event "HCL-B3826"]
[Site "www.playchess.de"]
[Date "2006.01.31"]
[Round "2"]
[White "vulcan"]
[Black "dynamike"]
[WhiteElo "1170"]
[BlackElo "1610"]
[PlyCount "62"]
[Result "0-1"]

1.e4 c5 2.Nf3 Nc6 3.d4 cxd4 4.Nxd4 e6 5.Nc3 a6 
6.a4 Nf6 7.Be2 Qc7 8.Be3 d6 9.O-O Be7 10.f4 O-O 
11.Kh1 Rd8 12.Bf3 e5 13.Nxc6 bxc6 14.fxe5 dxe5 
15.Qc1 Bb7 16.h3 Bc8 17.a5 Qd7 18.Rd1 Bd6 19.Be2 
Bb7 20.Bf3 Qe7 21.Bb6 Rd7 22.h4 Bc5 23.Na4 Bxb6 
24.Nxb6 Rxd1+ 25.Bxd1 Rd8 26.Bf3 c5 27.Qg5 h6 
28.Qf5 g6 29.Qh3 Bxe4 30.Bxe4 Nxe4 31.Re1 
Nf2+ 0-1

[Event "HCL-B3856"]
[Site "www.playchess.de"]
[Date "2006.01.31"]
[Round "3"]
[White "jpv"]
[Black "WStanEvans"]
[WhiteElo "1232"]
[BlackElo "1410"]
[PlyCount "27"]
[Result "1-0"]

1.e4 {Hi from Eugene, OR, and good luck.}  e5 
{Greetings from Loyuisville KY! Good luck to you 
too. Thankyou..}  2.Nf3 f5 3.exf5 Bc5 4.Bc4 d5 
5.Bb3 e4 6.Ne5 Bxf5 7.Qh5+ g6 8.Qe2 Nf6 9.Qb5+ 
Nbd7 10.Nxd7 Nxd7 11.Qxb7 Nb6 12.Qc6+ Bd7 13.Qxc5 
c6 14.O-O 1-0

[Event "HCL-E1528"]
[Site "www.playchess.de"]
[Date "2006.01.31"]
[Round "7"]
[White "badplayer"]
[Black "mkefeli"]
[WhiteElo "1579"]
[BlackElo "1848"]
[PlyCount "89"]
[Result "0-1"]

1.e4 e5 2.Nf3 Nc6 3.Bb5 a6 4.Ba4 Nf6 5.O-O Be7 
6.Re1 b5 7.Bb3 d6 8.c3 O-O 9.d4 Bg4 10.d5 Nb8 
11.h3 Bh5 12.Qd3 c6 13.dxc6 Nxc6 14.Nbd2 Qc7 15.g4 
Bg6 16.Nh4 Rfd8 17.Nxg6 hxg6 18.Nf3 Na5 19.Bd5 
Nxd5 20.exd5 Rac8 21.Be3 Qc4 22.Qd2 Qc7 23.Qe2 Nc4 
24.Kg2 Nxe3+ 25.Qxe3 Qc4 26.Qe4 Rc5 27.Qxc4 bxc4 
28.Rad1 Rb8 29.Rd2 a5 30.Kg3 a4 31.a3 f5 32.h4 Kf7 
33.g5 Rcb5 34.Ree2 Rc8 35.Rd1 Bd8 36.Ne1 Bb6 37.f3 
Ra8 38.Ng2 Ke7 39.Nf4 Raa5 40.Nxg6+ Kf7 41.Nh8+ 
Ke8 42.Red2 Be3 43.Re2 Rbxd5 44.Rde1 Rd2 
45.R2xe3 0-1

[Event "HCL-A2564"]
[Site "www.playchess.de"]
[Date "2006.01.31"]
[Round "17"]
[White "Matu"]
[Black "froilo"]
[WhiteElo "1495"]
[BlackElo "1414"]
[PlyCount "63"]
[Result "1-0"]

1.e4 c5 2.c3 g6 3.f4 Bg7 4.Nf3 Nc6 5.Bb5 Qb6 
6.Bxc6 Qxc6 7.Qe2 Nf6 8.d3 O-O 9.O-O d6 10.Be3 b5 
11.h3 a5 12.a3 Ba6 13.Nbd2 c4 14.dxc4 bxc4 15.Nd4 
Qb7 16.e5 dxe5 17.fxe5 Nd5 18.N2f3 Nxe3 19.Qxe3 
Rab8 20.Rf2 h6 21.e6 Qb6 22.exf7+ Rxf7 23.Raf1 
Rbf8 24.Qe6 Qxe6 25.Nxe6 Rb8 26.Nxg7 Kxg7 27.Ne5 
Rxf2 28.Rxf2 Rf8 29.Rxf8 Kxf8 30.Nxg6+ Kf7 31.Ne5+ 
Ke6 32.Nc6 1-0

[Event "HCL-C4028"]
[Site "www.playchess.de"]
[Date "2006.01.31"]
[Round "8"]
[White "cg"]
[Black "jase3480"]
[WhiteElo "800"]
[BlackElo "800"]
[PlyCount "35"]
[Result "1-0"]

1.e4 e5 2.Nf3 Nc6 3.d3 Bb4+ 4.c3 Ba5 5.b4 Bxb4 
6.cxb4 d5 7.exd5 Qxd5 8.Nc3 Qb5 9.Nxb5 a6 10.Nc3 
Nf6 11.h4 h5 12.a3 a5 13.bxa5 Nxa5 14.Nb5 Nd5 
15.Bb2 Nb3 16.Rb1 Bf5 17.Qxb3 Nf4 
18.Bxe5 1-0

[Event "HCL-B3778"]
[Site "www.playchess.de"]
[Date "2006.01.31"]
[Round "2"]
[White "M45"]
[Black "arsenius"]
[WhiteElo "1280"]
[BlackElo "864"]
[PlyCount "53"]
[Result "1-0"]

1.f4 e6 2.Nf3 {Merry Christmas and hope you enjoy 
our game}  d5 {happy holidays!}  3.e3 c5 4.b3 Nc6 
5.Bb2 Nf6 6.Bb5 a6 7.Bxc6+ bxc6 8.O-O Be7 9.Ne5 
Nd7 10.Nxc6 Qc7 11.Nxe7 Kxe7 12.Bxg7 Rg8 13.Bb2 h6 
14.d3 Bb7 15.Nd2 Rg6 16.Qh5 Rag8 17.Rf2 Nf6 
18.Bxf6+ Kxf6 19.Qh4+ Kg7 20.Raf1 Kh7 21.Nf3 d4 
22.e4 R6g4 23.Ng5+ R4xg5 24.fxg5 Rxg5 25.R2xf7+ 
Qxf7 26.Rxf7+ Kg6 27.Rxb7 1-0

[Event "HCL-E1533"]
[Site "www.playchess.de"]
[Date "2006.01.31"]
[Round "12"]
[White "temple"]
[Black "BohdanL"]
[WhiteElo "1727"]
[BlackElo "1466"]
[PlyCount "46"]
[Result "0-1"]

1.d4 {Hello}  Nf6 {hi}  2.c4 d6 3.Nf3 Bg4 4.e3 
{Happy New Year!}  Nbd7 {thanks, and best wishes 
to you too}  5.h3 Bxf3 6.Qxf3 c6 7.Nc3 g6 8.Bd3 
Bg7 9.O-O O-O 10.e4 e5 11.d5 Nc5 12.Bc2 a5 13.b3 
Qc7 14.Bg5 Qe7 15.a3 h6 16.Be3 Ncd7 17.b4 axb4 
18.axb4 Rxa1 19.Rxa1 Nb8 20.c5 Na6 21.cxd6 Qxd6 
22.dxc6 Qxc6 23.b5 Qxc3 0-1

[Event "HCL-C4048"]
[Site "www.playchess.de"]
[Date "2006.01.31"]
[Round "3"]
[White "Viking"]
[Black "thor"]
[WhiteElo "1000"]
[BlackElo "1005"]
[PlyCount "81"]
[Result "1-0"]

1.Nf3 e6 2.c4 d5 3.d4 c5 4.cxd5 cxd4 5.Qxd4 exd5 
6.Ne5 Nf6 7.Nc3 Nc6 8.Qa4 Bd7 9.Nf3 Ne5 10.Qc2 
Nxf3+ 11.exf3 Bb4 12.a3 Ba5 13.Bd3 d4 14.Qe2+ Qe7 
15.b4 Bb6 16.Ne4 Nxe4 17.fxe4 O-O 18.O-O Rac8 
19.h3 Rc3 20.Bd2 Rcc8 21.e5 Rfe8 22.f4 f6 23.f5 
fxe5 24.Qe4 Bc6 25.Qg4 Bd8 26.Rac1 Qh4 27.Qe2 e4 
28.Rf4 Qf6 29.Bxe4 Bxe4 30.Rxc8 Bc6 31.Qh5 Qg5 
32.Qg4 Qxg4 33.Rxg4 Bb6 34.Rxe8+ Bxe8 35.Bh6 d3+ 
36.Kf1 g6 37.Ke1 Bb5 38.Kd2 Kf7 39.Rg5 Bd8 
40.fxg6+ hxg6 41.Rxb5 1-0

[Event "HCL-C4063"]
[Site "www.playchess.de"]
[Date "2006.01.31"]
[Round "16"]
[White "KristeK"]
[Black "mudelta"]
[WhiteElo "800"]
[BlackElo "1125"]
[PlyCount "65"]
[Result "1-0"]

1.e4 c5 2.d3 Nc6 3.Be3 e5 4.c3 Be7 5.Qg4 g6 6.Qd1 
Nf6 7.Nd2 O-O 8.Ngf3 d5 9.h3 Qa5 10.Nb3 Qc7 
11.Bxc5 b6 12.Bxe7 Qxe7 13.Qe2 Ba6 14.Qe3 dxe4 
15.dxe4 Bxf1 16.Rxf1 Qc7 17.O-O-O a5 18.Rfe1 a4 
19.Nbd2 b5 20.Qc5 Qb7 21.Nxe5 Nxe5 22.Qxe5 Nd7 
23.Qd5 Qxd5 24.exd5 Nc5 25.Ne4 Na6 26.Rd4 Rfe8 
27.Nf6+ Kg7 28.Nxe8+ Kf8 29.Nd6 f5 30.Nxb5 Nc5 
31.Nc7 Rc8 32.Ne6+ Nxe6 33.dxe6 1-0

[Event "HCL-C4099"]
[Site "www.playchess.de"]
[Date "2006.01.31"]
[Round "7"]
[White "Ulpe"]
[Black "spartan1"]
[WhiteElo "1559"]
[BlackElo "928"]
[PlyCount "63"]
[Result "1-0"]

1.e4 e5 2.Nf3 Nc6 3.Bb5 a6 4.Ba4 b5 5.Bb3 Bc5 6.c3 
d6 7.d4 exd4 8.cxd4 Bg4 9.dxc5 Nf6 10.cxd6 Qxd6 
11.Qxd6 cxd6 12.Be3 O-O 13.Nbd2 Rae8 14.h3 Bxf3 
15.gxf3 Ne5 16.Ke2 Rec8 17.Rac1 a5 18.a4 b4 19.Bb6 
d5 20.Bxa5 Nc6 21.Bb6 d4 22.a5 h6 23.Ba4 Nb8 
24.Bxd4 Rcd8 25.Bxf6 gxf6 26.Rhg1+ Kh7 27.Rc4 Na6 
28.Rc6 Rda8 29.Bc2 Rfc8 30.e5+ Kh8 31.Rxf6 Rce8 
32.Rxh6+ 1-0